• 首页
  • 本馆介绍
  • 公告通知
  • 最新文献
  • 馆藏检索
  • 电子资源
  • 读者导购
  • 参考咨询
  • 我的图书馆
  • 登录
  • 详细信息显示
  • 放入我的书架
  • 预约/预借图书
  • 作者相关作品
  • 分类相关作品
  • 丛书相关作品
  • 出版社相关作品

书目信息

  • 表格格式
  • 工作单格式
  • 卡片格式
题名:
斯巴达克思
    
 
作者: 乔万尼奥里 著 ;李〓民 译
分册: 下册  
出版信息: 上海   上海译文出版社  1978
页数: 371-775页
开本: 19cm
丛书名:
单 册:
中图分类: I546.44 , I546.4
科图分类:
主题词: 长篇小说--意大利--近代 , 文学
电子资源:
ISBN:
000 00756nam0 2200277 45
001 0181010199
005 20040322110024.8
010    @dCNY1.85
091    @a10188.24
100    @a19950721e19811978em y0chiy0121 ea
101 1  @achi@cita
102    @aCN@b310000
105    @ay z 000ay
106    @ar
200 10 @a斯巴达克思@h下册@Asi ba da ke si@f(意)乔万尼奥里著@g李〓民译
205    @a新1版
210    @a上海@c上海译文出版社@d1978@h1981重印
215    @a371-775页@d19cm
606    @a长篇小说@y意大利@z近代
606 0  @a文学
690    @aI546.44@v3
690    @aI546.4@v3
701  0 @a乔万尼奥里@Aqiao wan ni ao li@4著
702  0 @a李〓民@Ali liang min@4译
801  0 @aCN@bNLC@c20040322
905    @f2@f1@b56510@b56506-507@dI546.4@e499:2
    
    斯巴达克思.下册/(意)乔万尼奥里著/李〓民译.-新1版.-上海:上海译文出版社,1978(1981重印)
    371-775页;19cm
    
    
    ISBN :CNY1.85
    
●
相关链接 在E读中查询图书 在五车中查询图书 在当当中查询图书 在豆瓣中查询图书


正题名:斯巴达克思     索取号:I546.4/499:2         预约/预借

序号 登录号 条形码 馆藏地/架位号 状态 备注
1 0056506   001892027   密集书库/ [索取号:I546.4/499:2] 在馆    
2 0056507   001892054   密集书库/ [索取号:I546.4/499:2] 在馆    
3 0056509   000673532   第二借阅区/ [索取号:I546.4/499:2] 在馆    
4 0056510   001891983   密集书库/ [索取号:I546.4/499:2] 在馆    
5 0056511   000673523   第一样本阅览室/ [索取号:I546.4/499:2] 在馆    
唐山师范学院图书馆 欢迎您!
大连网信软件有限公司© 版权所有